Central Library OPAC University of Rajshahi

Climate change : (Record no. 81891)

MARC details
000 -LEADER
fixed length control field 01312nam a2200337 a 4500
001 - CONTROL NUMBER
control field 81891
003 - CONTROL NUMBER IDENTIFIER
rucl marc code BD-RjUL
005 - DATE AND TIME OF LATEST TRANSACTION
control field 20230911113418.0
008 - FIXED-LENGTH DATA ELEMENTS--GENERAL INFORMATION
fixed length control field 230911s2016 ii bl 101 0 eng
020 ## - INTERNATIONAL STANDARD BOOK NUMBER
International Standard Book Number 9789351453376
035 ## - SYSTEM CONTROL NUMBER
System control number (BD-RjUL)81891
040 ## - CATALOGING SOURCE
Original cataloging agency DLC
Language of cataloging eng
Transcribing agency DLC
Description conventions rda
Modifying agency DLC
-- BD-RjUL
041 ## - LANGUAGE CODE
Language code of text/sound track or separate title eng
082 ## - DEWEY DECIMAL CLASSIFICATION NUMBER
Edition number 23
Classification number 577.22
Author mark and year CLI 2016
111 2# - MAIN ENTRY--MEETING NAME
Meeting name or jurisdiction name as entry element International Conference on "Mitigation of Climate Change: Law, Policy and Governance"
Date of meeting (2014 :
Location of meeting Campus Law Centre, University of Delhi),
Relator term author.
9 (RLIN) 8899
245 10 - TITLE STATEMENT
Title Climate change :
Remainder of title law, policy and governance /
Statement of responsibility, etc. editor, Prof. (Dr.) Usha Tandon.
264 #1 - PRODUCTION, PUBLICATION, DISTRIBUTION, MANUFACTURE, AND COPYRIGHT NOTICE
Place of production, publication, distribution, manufacture Lucknow :
Name of producer, publisher, distributor, manufacturer Eastern Book Company,
Date of production, publication, distribution, manufacture, or copyright notice 2016.
300 ## - PHYSICAL DESCRIPTION
Pagination xlvi, 343 pages ;
Size 24 cm
336 ## - CONTENT TYPE
Content type term text
Content type code txt
Source rdacontent
337 ## - MEDIA TYPE
Media type term unmediated
Media type code n
Source rdamedia
338 ## - CARRIER TYPE
Carrier type term volume
Carrier type code nc
Source rdacarrier
500 ## - GENERAL NOTE
General note Contributed articles.
504 ## - BIBLIOGRAPHY, ETC. NOTE
Bibliography, etc Includes bibliographical references (pages 335-338) and index.
650 #0 - SUBJECT ADDED ENTRY--TOPICAL TERM
Topical term or geographic name as entry element Climatic changes
General subdivision Law and legislation
9 (RLIN) 8900
Topical term or geographic name as entry element Global warming
General subdivision Law and legislation
9 (RLIN) 8901
Topical term or geographic name as entry element Climate change mitigation
General subdivision International cooperation
9 (RLIN) 8902
700 1# - ADDED ENTRY--PERSONAL NAME
Personal name Tandon, Usha,
Relator term editor.
710 2# - ADDED ENTRY--CORPORATE NAME
Corporate name or jurisdiction name as entry element University of Delhi.
Subordinate unit Campus Law Centre,
Relator term host institution.
9 (RLIN) 8904
942 ## - ADDED ENTRY ELEMENTS (KOHA)
Source of classification or shelving scheme Dewey Decimal Classification
Koha item type Books
Holdings
Lost status Source of classification or shelving scheme Damaged status Not for loan Collection code Permanent Location Current Location Shelving location Date acquired Source of acquisition Cost, normal purchase price Total Checkouts Full call number Date last seen Copy number Koha item type
  Dewey Decimal Classification   Not For Loan Non-fiction Central Library, University of Rajshahi Central Library, University of Rajshahi Reading Room 07/08/2023 Dhaka: Omni Concept 1118.75   577.22 CLI 2016 11/09/2023 C-1 Books